Non-linear elliptic equation in conformal geometry

Non-linear elliptic partial differential equations are an important tool in the study of Riemannian metrics in differential geometry, in particular for problems concerning the conformal change of metrics in Riemannian geometry.

Gespeichert in:
Bibliographische Detailangaben
1. Verfasser: Chang, Sun-Yung Alice
Format: Buch
Sprache:Undetermined
Veröffentlicht: Zurich European Mathematical Society 2004
Schlagworte:
Tags: Tag hinzufügen
Keine Tags, Fügen Sie den ersten Tag hinzu!
Thư viện lưu trữ: Trung tâm Học liệu Trường Đại học Cần Thơ
LEADER 00879nam a2200205Ia 4500
001 CTU_134142
008 210402s9999 xx 000 0 und d
020 |c 1108000 
082 |a 515.353 
082 |b C457 
100 |a Chang, Sun-Yung Alice 
245 0 |a Non-linear elliptic equation in conformal geometry 
245 0 |c Sun-Yung Alice Chang 
260 |a Zurich 
260 |b European Mathematical Society 
260 |c 2004 
520 |a Non-linear elliptic partial differential equations are an important tool in the study of Riemannian metrics in differential geometry, in particular for problems concerning the conformal change of metrics in Riemannian geometry. 
650 |a Differential equations, Elliptic,Elliptic operators,Phương trình vi phân elip,Toán tử elip 
904 |i Phuong Uyen 
980 |a Trung tâm Học liệu Trường Đại học Cần Thơ